000 00614nam a2200193Ia 4500
005 20260601193247.0
008 260601s9999||||xx |||||||||||||| ||und||
020 _a978-981-97-3705-5
_qebk
100 _aRajanikanth Aluvalu
245 0 _aExplainable AI in Health Informatics
250 _a2024
260 _aHeidelberg, Germany
_bSpringer Nature
_c2024
440 _aComputational Intelligence Methods and Applications
650 _aComputer Science
700 _aMayuri Mehta
700 _aPatrick Siarry
856 _uhttps://link.springer.com/openurl?genre=book&isbn=978-981-97-3705-5
942 _cEB
_2ddc
999 _c56616
_d56616